000 00607cam a22002291 4500
001 sa 67007149
003 DLC
005 20260227112413.0
008 891002s1966 ii 000 0 pano
010 _asa 67007149
035 _a(OCoLC)20426588
040 _aDLC
_cWaU
_dDLC
042 _apremarc
050 0 0 _aBL2018.42
_b.G6 1966
100 0 _aGobind Singh,
_cGuru,
_d1666-1708.
245 1 0 _aJāpu Sāhiba, Sawaīe [te] Caupaī.
260 _c[1966]
300 _a150 p.
_c18 cm.
500 _aIn Panjabi.
650 0 _aSikhism
_vPrayers and devotions.
700 0 _aSāhiba Siṅgha,
_d1892-1977.
999 _c76394
_d76394